Reverse Dictionary #61 - Statistics

General Stats
  • This quiz has been taken 39 times
  • The average score is 19 of 25
Answer Stats
Definition First
Letter
Word % Correct
Facial hair on the chin, cheeks, jaw and neck. B Beard
100%
To communicate, usually by means of speech. T Talk
97%
To put (something) in a place where it will be harder to discover or out of sight. H Hide
94%
The Earth, especially in a geopolitical or cultural context. W World
94%
The distance from the base of something to the top of said thing. H Height
92%
To request (information, or an answer to a question). A Ask
89%
To change spoken words or written text (of a book, document, movie, etc.) from one language to another. T Translate
89%
The ability of the brain to record information or impressions with the facility of recalling them later at will. M Memory
86%
Ordinary; lacking adornment or ornamentation; unembellished. P Plain
86%
A list of matters to be taken up (as at a meeting). A Agenda
83%
Emotional pressure suffered by a human being or other animal. S Stress
78%
Most recent. L Latest
75%
(anatomy) The part of the body between the pelvis and the stomach. W Waist
75%
(architecture) The face of a building, especially the front view or elevation. F Facade
72%
The Islamic holy book, considered by Muslims to be the word of God as revealed to Muhammad. K Koran
69%
The official entrusted with the funds and revenues of an organization such as a club. T Treasurer
69%
Bright and colourless; reflecting equal quantities of all frequencies of visible light. W White
69%
(physics) A measure of the mass of matter contained by a unit volume. D Density
67%
Moving or operating quickly, as a train not making local stops. E Express
67%
Things that are or can be known about a given topic; communicable knowledge of something. I Information
67%
A written or printed announcement. N Notice
67%
To draw conclusions from examining; to assess. E Evaluate
53%
A structure that bars passage. B Barrier
47%
A person who appraises the works of others. C Critic
44%
Not excessive or immoderate; within due limits; proper. R Reasonable
39%
No matching quizzes found
Score Distribution
Percent of People with Each Score
Percentile by Number Answered
Your Score History
You have not taken this quiz